00694nam a2200205 i 4500001000700000003000900007007000300016008004100019080001500060100003600075245004700111250001700158260003400175300004700209490003300256830003800289852002100327999001900348952012100367124384ES-MaACLt|070322s1945 sp ||||1| spa d a551.5(022)1 aLorente, José María.97409910aMeteorología / cJosé María Lorente. a3ª ed. rev. aBarcelona : bLabor, c[1945] a200 p., XVIII p. lám. : bil. ; c17 cm.1 aColección Labor ; v34 bis00aColección Laborv34 bis9184254 aES-MaACLjE-2582 c124384d124384 00104070aATENEOMbATENEOMcDEPO2d2008-01-17eSCl0oE-2582p1129587r2023-02-23 00:00:00w2023-02-23yMONOGRAFIA